| 000 | 00907nam a22002897a 4500 | ||
|---|---|---|---|
| 005 | 20170124105923.0 | ||
| 010 | _aA-936266 | ||
| 020 |
_c00 _a019564378 |
||
| 035 | _aA-936266 | ||
| 037 | _bCen Lib/Ret | ||
| 040 |
_aDPL _bEN |
||
| 082 | _a340.1 | ||
| 100 |
_aMurphy, Jeffrie G. _91905 |
||
| 245 |
_aPhilosophy of law : _cby Jeffrie G. Murphy, Jules L. Coleman _ban introduction to jurisprudence / |
||
| 246 | _b | ||
| 260 |
_bOxford University Press _c1997 _aNew Delhi |
||
| 270 |
_bNew Delhi _aJaisingh road _e110001 |
||
| 300 |
_axv, 240p. _c20cm(Hb) |
||
| 490 | _aLaw in india | ||
| 500 | _aIncludes bibliographical references and index | ||
| 650 |
_aLaw _9104 |
||
| 650 |
_aCriminal law _95474 |
||
| 650 |
_aकानून _9102 |
||
| 650 |
_aफौजदारी कानून _95475 |
||
| 700 |
_aColeman, Jules L. _95447 |
||
| 942 |
_2ddc _cEN _h340.1 _mMUR |
||
| 999 |
_c123337 _d123337 |
||